Acoustics and noise control (Record no. 102064)

MARC details
000 -LEADER
fixed length control field 00982cam a2200241 4500
008 - FIXED-LENGTH DATA ELEMENTS--GENERAL INFORMATION
fixed length control field 020508n1996 000 0 eng u
020 ## - INTERNATIONAL STANDARD BOOK NUMBER
International Standard Book Number 0582088046
035 ## - SYSTEM CONTROL NUMBER
System control number (Sirsi) u117900
041 ## - LANGUAGE CODE
Language code of text/sound track or separate title eng.
100 ## - MAIN ENTRY--PERSONAL NAME
Personal name Smith, B.J.
245 ## - TITLE STATEMENT
Title Acoustics and noise control
250 ## - EDITION STATEMENT
Edition statement 2nd ed.
260 ## - PUBLICATION, DISTRIBUTION, ETC.
Place of publication, distribution, etc. Harlow
Name of publisher, distributor, etc. Longman
Date of publication, distribution, etc. 1996
300 ## - PHYSICAL DESCRIPTION
Extent 330p.
Other physical details ill.
Dimensions 1996
350 ## - PRICE (NR) (BK AM CF MU VM SE) [OBSOLETE]
Price 32.99
520 ## - SUMMARY, ETC.
Summary, etc. Provides a detailed and comprehensive introduction to the principles and practice of acoustics and noise control. Considers the latest changes in standards, codes of practice and legislation. Topics covered include : the measurement of sound, aural environment, room acoustics, structure and air-borne sound, vibration, noise control engineering and instrumentation.
650 ## - SUBJECT ADDED ENTRY--TOPICAL TERM
Topical term or geographic name entry element NOISE CONTROL
650 ## - SUBJECT ADDED ENTRY--TOPICAL TERM
Topical term or geographic name entry element BUILT ENVIRONMENT-CONSTRUCTION DESIGN-ACOUSTICS
690 ## - LOCAL SUBJECT ADDED ENTRY--TOPICAL TERM (OCLC, RLIN)
Topical term or geographic name as entry element BUILT ENVIRONMENT-BUILDING STANDARDS
700 ## - ADDED ENTRY--PERSONAL NAME
Personal name Peters, R.J.
700 ## - ADDED ENTRY--PERSONAL NAME
Personal name Owen, S.
942 ## - ADDED ENTRY ELEMENTS (KOHA)
Suppress in OPAC 0
Holdings
Withdrawn status Lost status Source of classification or shelving scheme Damaged status Not for loan Home library Current library Shelving location Date acquired Cost, normal purchase price Total Checkouts Full call number Barcode Date last seen Date last checked out Copy number Cost, replacement price Price effective from Koha item type
    Dewey Decimal Classification     London London Books 24/05/2002 28.04 14 693.834 SMI 30065861 06/08/2019 27/07/2009 1 28.04 06/08/2019 Book